Представление документа в формате MARC21

Поле Инд. ПП Название Значение
Тип записи m
Библиографический уровень m
001 Контрольный номер 2195cfa452984bd48e44f9818ede02d8
005 Дата корректировки 20200525131037.2
008 Кодируемые данные 180626|||||||||gb||||||||||||||||||eng||
020 a ISBN 978-82-801-1673-1
040 b Код языка каталог. rus
e Правила каталог. PSBO
041 0_ a Код языка текста eng
084 a Индекс другой классификации/Индекс ББК 67.911.17
090 x Авторский знак M 78
245 10 a Заглавие Model Course 7.11: Basic Training for Ships Operating in Polar Waters
c Ответственность IMO
h Физич. носитель Электронный ресурс
256 a Характеристики компьютерного файла Электрон. текстовые дан. (1 файл : 1,50 Мб)
260 a Место издания London
c Дата издания 2017
b Издательство IMO
500 a Примечание Загл. с титул. экрана. - Доступ к файлу в ауд. 227 В
583 x Служебное примечание Печ. изд. 2017 г.
583 1_ x Служебное примечание Инсталлированные документы
650 04 a Основная рубрика Международная морская организация-ИМО
653 0_ a Ключевые слова IMO; International Maritime Organization; Model Course 7.11; Безопасность мореплавания; Инсталлированные документы; ИМО; Конвенции ИМО; Модельные курсы ИМО; Международные морские организации
901 t Тип документа m